El tributo indígena en la Nueva España durante el sigl0o XVI. (Registro nro. 48023)
[ vista simple ]
| 000 -LEADER | |
|---|---|
| fixed length control field | 00708nam a2200229 a 4500 |
| 001 - CONTROL NUMBER | |
| control field | 48023 |
| 005 - DATE AND TIME OF LATEST TRANSACTION | |
| control field | 20180714032200.0 |
| 008 - FIXED-LENGTH DATA ELEMENTS--GENERAL INFORMATION | |
| fixed length control field | 140415s2003 mx 000 0 spa d |
| 020 ## - INTERNATIONAL STANDARD BOOK NUMBER | |
| International Standard Book Number | 968-12-1194-4 |
| 041 ## - LANGUAGE CODE | |
| Language code of text/sound track or separate title | spa |
| 082 0# - DEWEY DECIMAL CLASSIFICATION NUMBER | |
| Classification number | 336.2 |
| Item number | MIR |
| 100 1# - MAIN ENTRY--PERSONAL NAME | |
| Personal name | Miranda, José. |
| 245 10 - TITLE STATEMENT | |
| Title | El tributo indígena en la Nueva España durante el sigl0o XVI. |
| 250 ## - EDITION STATEMENT | |
| Edition statement | Segunda edición |
| 260 ## - PUBLICATION, DISTRIBUTION, ETC. | |
| Place of publication, distribution, etc. | México : |
| Name of publisher, distributor, etc. | TRrillas, |
| Date of publication, distribution, etc. | 2003. |
| 300 ## - PHYSICAL DESCRIPTION | |
| Extent | 367 páginas : ; |
| Dimensions | 23 cm. |
| 336 ## - CONTENT TYPE | |
| Content type term | texto |
| Source | rdacontent |
| 337 ## - MEDIA TYPE | |
| Media type term | sin mediación |
| Source | rdamedia |
| 338 ## - CARRIER TYPE | |
| Carrier type term | volumen |
| Source | rdacarrier |
| 650 #4 - SUBJECT ADDED ENTRY--TOPICAL TERM | |
| Topical term or geographic name entry element | Impuestos |
| Geographic subdivision | México |
| General subdivision | Historia |
| -- | Siglo XVI |
| 650 #4 - SUBJECT ADDED ENTRY--TOPICAL TERM | |
| Topical term or geographic name entry element | Indigenas de México |
| General subdivision | Historia |
| -- | Siglo XVI |
| Withdrawn status | Lost status | Source of classification or shelving scheme | Damaged status | Not for loan | Collection code | Home library | Current library | Shelving location | Date acquired | Source of acquisition | Inventory number | Total Checkouts | Full call number | Barcode | Date last seen | Price effective from | Koha item type |
|---|---|---|---|---|---|---|---|---|---|---|---|---|---|---|---|---|---|
| Dewey Decimal Classification | General | Biblioteca Karol Wojtyla | Biblioteca Karol Wojtyla | Sala general | 14/05/2015 | Compra | 151000000000000000052185 | 336.2 MIR 2005 | 92563 | 05/01/2026 | 08/02/2016 | Libro |